Εισαγωγή στη Λαική Λογοτεχνία
Αποθηκεύτηκε σε:
| Κύριος συγγραφέας: | |
|---|---|
| Μορφή: | Βιβλίο |
| Γλώσσα: | Greek |
| Δημοσίευση: |
Αθήνα :
Ελληνικά Γράμματα,
1994
|
| Σειρά: | Λαική λογοτεχνία ;
; 1 |
| Θέματα: | |
| Ετικέτες: |
Προσθήκη ετικέτας
Δεν υπάρχουν, Καταχωρήστε ετικέτα πρώτοι!
|
MARC
| LEADER | 00000nam a2200000 i 4500 | ||
|---|---|---|---|
| 001 | 1/65583 | ||
| 008 | 990112s1994 gre d | ||
| 020 | |a 960-344-045-0 | ||
| 035 | |l 10047159 | ||
| 040 | |a GR-MY-UA |b gre |e aacr | ||
| 041 | 0 | |a gre | |
| 082 | 0 | |a 880.1 | |
| 100 | 1 | |a Σκαρτσής, Σωκράτης Λ. |d 1936- | |
| 245 | 1 | 0 | |a Εισαγωγή στη Λαική Λογοτεχνία / |c Σωκράτης Λ.Σκάρτσης |
| 260 | |a Αθήνα : |b Ελληνικά Γράμματα, |c 1994 | ||
| 300 | |a 126 σ. | ||
| 490 | 1 | |a Λαική λογοτεχνία |v ; 1 | |
| 650 | 0 | 0 | |a Greek literature |x History and criticism. |
| 650 | 0 | 0 | |a Greek literature, Hellenistic. |
| 830 | 0 | |a Λαική λογοτεχνία ; |v ; 1 | |
| 852 | |a INST |b RHODES |e 19990112 |h 880.1 ΣΚΑ |p 005400005879 |q 005400005879 |t BK |y 0 | ||
| 852 | |a INST |b RHODES |e 19990319 |h 880.1 ΣΚΑ |p 005400015431 |q 005400015431 |t BK |y 0 | ||
| 901 | |a BIBL-1999-1 | ||
| 909 | |a Ρ |b 053774 |c 1998 | ||
| 909 | |a Ρ |b 064328 |c 1999 | ||
| 922 | |a 4ΔΩΡ |b 199903 | ||
| 970 | |z 2000/06/ΟΙΚΟΝΟΜΟΠΟΥΛΟΥ (SUBJECT) | ||